000 00878nam a2200193Ia 4500
008 151121s9999||||xx |||||||||||||| ||und||
082 _a813-/गोरे
082 _bHNW-115180
100 _aगोरे भा। म।
245 _aरॉबिन हूड आणि त्याचे रंगेल सोबती /रॉबिन्सन क्रुसो
260 _b"कनक बुक्स, पुणे।"
260 _c2012
300 _a140
600 _aगोरे भा। म।
630 _aरॉबिन हूड आणि त्याचे रंगेल सोबती /रॉबिन्सन क्रुसो
700 _aगोरे भा। म।
730 _aरॉबिन हूड आणि त्याचे रंगेल सोबती /रॉबिन्सन क्रुसो
942 _cBOOK
999 _c1263916
_d1263913